[Event "OP-2014-0-03586"]
[Site "LSS email"]
[Date "2014.12.16"]
[Round "?"]
[White "Garcia, Javier N"]
[Black "Nilsson, Bjoern"]
[Result "1-0"]
[WhiteElo "747"]
[BlackElo "443"]
[PlyCount "33"]
[EventDate "2014.12.10"]
[EventType "tourn (corr)"]
[EventRounds "4"]
[EventCountry "GER"]
[SourceTitle "Corr 2015"]
[Source "ChessBase"]
[SourceDate "2015.07.17"]
[SourceVersion "1"]
[SourceVersionDate "2015.07.17"]
[SourceQuality "1"]

1. c4 c5 2. Nc3 Nc6 3. Nf3 d6 4. g3 Nf6 5. Bg2 g6 6. 0-0 e6 7. Qa4 Qc7 8. d3 Be7 9. Bh6 Ng8 10. Bg7 Bg5 11. Nxg5 h6 12. Nxe6 Qe7 13. Bxc6+ bxc6 14. Qxc6+ Bd7 15. Qxa8+ Bc8 16. Qxc8+ Qd8 17. Qxd8# 1-0

[Event "OP-2014-0-03568"]
[Site "LSS email"]
[Date "2014.11.26"]
[Round "?"]
[White "Garcia, Javier N"]
[Black "Komarov, Valerij"]
[Result "1-0"]
[WhiteElo "747"]
[BlackElo "718"]
[PlyCount "27"]
[EventDate "2014.11.22"]
[EventType "tourn (corr)"]
[EventRounds "4"]
[EventCountry "GER"]
[SourceTitle "Corr 2015"]
[Source "ChessBase"]
[SourceDate "2015.07.17"]
[SourceVersion "1"]
[SourceVersionDate "2015.07.17"]
[SourceQuality "1"]

1. d4 d6 2. e4 Nc6 3. Bb5 Bd7 4. Nf3 Nf6 5. Nc3 e5 6. Bxc6 bxc6 7. dxe5 dxe5 8. Bg5 Qe7 9. 0-0 Rd8 10. Qe2 Bg4 11. Rfd1 Rxd1+ 12. Rxd1 Qc5 13. Bxf6 gxf6 14. Qd3 1-0

[Event "LSS No Engine Cup 121 Preliminary 6"]
[Site "LSS email"]
[Date "2014.11.13"]
[Round "?"]
[White "Cole, Steve"]
[Black "Garcia, Javier N"]
[Result "1-0"]
[WhiteElo "1408"]
[BlackElo "747"]
[PlyCount "53"]
[EventDate "2014.11.14"]
[EventType "tourn (corr)"]
[EventRounds "6"]
[EventCountry "GER"]
[SourceTitle "Corr 2015"]
[Source "ChessBase"]
[SourceDate "2015.07.17"]
[SourceVersion "1"]
[SourceVersionDate "2015.07.17"]
[SourceQuality "1"]

1. e4 c5 2. Nf3 d6 3. d4 cxd4 4. Nxd4 Nf6 5. Nc3 a6 6. Be3 e5 7. Nb3 Nc6 8. f3 Be7 9. Qd2 Be6 10. 0-0-0 Bxb3 11. axb3 Qa5 12. Na4 Qxd2+ 13. Rxd2 0-0 14. Nb6 Rab8 15. Be2 Rfd8 16. Rhd1 h6 17. g4 Nd7 18. Nd5 Bf8 19. h4 Ne7 20. g5 Nxd5 21. Rxd5 hxg5 22. hxg5 Be7 23. f4 f6 24. Bc4 Kf8 25. Rh1 b5 26. Rh8+ Kf7 27. Rxb5+ 1-0

[Event "LSS No Engine Cup 121 Preliminary 6"]
[Site "LSS email"]
[Date "2014.11.13"]
[Round "?"]
[White "Garcia, Javier N"]
[Black "Neumann, Frank"]
[Result "1-0"]
[WhiteElo "747"]
[BlackElo "491"]
[PlyCount "51"]
[EventDate "2014.11.14"]
[EventType "tourn (corr)"]
[EventRounds "6"]
[EventCountry "GER"]
[SourceTitle "Corr 2015"]
[Source "ChessBase"]
[SourceDate "2015.07.17"]
[SourceVersion "1"]
[SourceVersionDate "2015.07.17"]
[SourceQuality "1"]

1. d4 d5 2. Nf3 Nf6 3. Bg5 e6 4. e3 Be7 5. Bb5+ Bd7 6. Bxd7+ Nbxd7 7. Nc3 0-0 8. 0-0 Qc8 9. Ne5 Qe8 10. f4 Nxe5 11. Bxf6 Bxf6 12. fxe5 Be7 13. Qh5 c5 14. Rf3 g6 15. Qg4 cxd4 16. exd4 Qc6 17. h4 a6 18. h5 Rfd8 19. Raf1 Rf8 20. hxg6 hxg6 21. Rh3 Kg7 22. Kf2 Rh8 23. Rfh1 Rxh3 24. Qxh3 Qe8 25. Qh7+ Kf8 26. Qh8# 1-0

[Event "RF-2014-0-00198"]
[Site "LSS email"]
[Date "2014.08.24"]
[Round "?"]
[White "Garcia, Javier N"]
[Black "Guaimare Rodriguez, Carlos Luis"]
[Result "0-1"]
[WhiteElo "749"]
[BlackElo "951"]
[PlyCount "76"]
[EventDate "2014.08.15"]
[EventType "tourn (corr)"]
[EventRounds "6"]
[EventCountry "GER"]
[SourceTitle "Corr 2015"]
[Source "ChessBase"]
[SourceDate "2015.07.17"]
[SourceVersion "1"]
[SourceVersionDate "2015.07.17"]
[SourceQuality "1"]

1. d4 Nf6 2. c4 e6 3. Nc3 Bb4 4. Bg5 h6 5. Bxf6 Qxf6 6. Nf3 c5 7. a3 cxd4 8. Qxd4 Bxc3+ 9. bxc3 Nc6 10. Qxf6 gxf6 11. e3 b6 12. g3 Ba6 13. Nd4 Rc8 14. Nxc6 Rxc6 15. Bg2 Rc7 16. 0-0 Rxc4 17. Rfc1 Rc7 18. a4 Ke7 19. a5 b5 20. Bf1 Rhc8 21. c4 bxc4 22. Be2 f5 23. f3 d5 24. h3 Rb8 25. Kf2 Rb2 26. Rab1 Rcb7 27. Rxb2 Rxb2 28. Ke1 Ra2 29. g4 fxg4 30. hxg4 Rxa5 31. Kf2 Ra2 32. Ke1 e5 33. f4 f6 34. f5 Kd6 35. Rc3 Kc5 36. Kf2 d4 37. exd4+ exd4 38. Rc1 c3 0-1

[Event "RF-2014-0-00198"]
[Site "LSS email"]
[Date "2014.08.24"]
[Round "?"]
[White "Garcia, Javier N"]
[Black "Lenz, Juergen"]
[Result "0-1"]
[WhiteElo "749"]
[BlackElo "947"]
[PlyCount "26"]
[EventDate "2014.08.15"]
[EventType "tourn (corr)"]
[EventRounds "6"]
[EventCountry "GER"]
[SourceTitle "Corr 2015"]
[Source "ChessBase"]
[SourceDate "2015.07.17"]
[SourceVersion "1"]
[SourceVersionDate "2015.07.17"]
[SourceQuality "1"]

1. d4 Nf6 2. c4 c5 3. Nf3 cxd4 4. Qxd4 Nc6 5. Qd1 Qb6 6. Nc3 e6 7. b3 Bb4 8. Bd2 Qa5 9. Qc2 0-0 10. e3 d5 11. cxd5 Nxd5 12. Nxd5 exd5 13. Bxb4 Nxb4 0-1

[Event "SN-2014-0-00620"]
[Site "LSS email"]
[Date "2014.08.23"]
[Round "?"]
[White "Garcia, Javier N"]
[Black "Guaimare Rodriguez, Carlos Luis"]
[Result "1-0"]
[WhiteElo "749"]
[BlackElo "951"]
[PlyCount "63"]
[EventDate "2014.08.08"]
[EventType "tourn (corr)"]
[EventRounds "6"]
[EventCountry "GER"]
[SourceTitle "Corr 2015"]
[Source "ChessBase"]
[SourceDate "2015.07.17"]
[SourceVersion "1"]
[SourceVersionDate "2015.07.17"]
[SourceQuality "1"]

1. d4 Nf6 2. c4 e6 3. Nc3 Bb4 4. Bg5 h6 5. Bxf6 Qxf6 6. Nf3 0-0 7. e4 d6 8. Bd3 c5 9. e5 Qd8 10. a3 Ba5 11. dxc5 Bxc3+ 12. bxc3 dxe5 13. Nxe5 Qa5 14. Qc2 Qxc5 15. Nf3 Nc6 16. 0-0 e5 17. Rfe1 Bg4 18. Be4 Qxc4 19. Bxc6 Qxc6 20. Nxe5 Qc8 21. Nxg4 Qxg4 22. Re7 Rfc8 23. Rxb7 Qc4 24. Rc1 Rc5 25. Rb4 Qa6 26. c4 Qxa3 27. Rcb1 Rac8 28. Ra4 Qxa4 29. Qxa4 Rxc4 30. Qd1 Rc2 31. h3 a5 32. Rb8 1-0

[Event "SN-2014-0-00620"]
[Site "LSS email"]
[Date "2014.08.23"]
[Round "?"]
[White "Garcia, Javier N"]
[Black "Soerensen, Sabrina"]
[Result "1-0"]
[WhiteElo "749"]
[BlackElo "1164"]
[PlyCount "45"]
[EventDate "2014.08.08"]
[EventType "tourn (corr)"]
[EventRounds "6"]
[EventCountry "GER"]
[SourceTitle "Corr 2015"]
[Source "ChessBase"]
[SourceDate "2015.07.17"]
[SourceVersion "1"]
[SourceVersionDate "2015.07.17"]
[SourceQuality "1"]

1. d4 d5 2. c4 e6 3. Nf3 Nf6 4. Bg5 dxc4 5. e4 b5 6. e5 h6 7. Bxf6 gxf6 8. Nc3 a6 9. exf6 Bb7 10. d5 Qxf6 11. dxe6 fxe6 12. Be2 Nd7 13. 0-0 0-0-0 14. Qc2 Rg8 15. Rad1 Bxf3 16. Bxf3 Qxf3 17. g3 Bg7 18. a4 b4 19. Ne2 Qc6 20. Nd4 Bxd4 21. Rxd4 Ne5 22. Rxd8+ Rxd8 23. Rd1 1-0

[Event "SN-2014-0-00617"]
[Site "LSS email"]
[Date "2014.08.15"]
[Round "?"]
[White "Garcia, Javier N"]
[Black "Plummer, Martin"]
[Result "0-1"]
[WhiteElo "747"]
[BlackElo "981"]
[PlyCount "108"]
[EventDate "2014.07.27"]
[EventType "tourn (corr)"]
[EventRounds "6"]
[EventCountry "GER"]
[SourceTitle "Corr 2015"]
[Source "ChessBase"]
[SourceDate "2015.07.17"]
[SourceVersion "1"]
[SourceVersionDate "2015.07.17"]
[SourceQuality "1"]

1. d4 Nf6 2. c4 e6 3. Nc3 d5 4. e3 a6 5. Nf3 dxc4 6. Bxc4 b5 7. Be2 Bb7 8. 0-0 Bd6 9. Qc2 Nbd7 10. e4 e5 11. d5 0-0 12. Bg5 h6 13. Bh4 g5 14. Nxg5 hxg5 15. Bxg5 Kg7 16. Qd3 Rg8 17. Bh4 Kf8 18. Rac1 Nc5 19. Qd2 Ke8 20. Qe3 Ke7 21. Qh6 Rg6 22. Bxf6+ Rxf6 23. Qg5 Qh8 24. b4 Rg8 25. Qh5 Qxh5 26. Bxh5 Nd3 27. Rb1 Nxb4 28. a3 Nc2 29. a4 b4 30. Na2 a5 31. Bd1 Nd4 32. Nc3 Bc8 33. Nb5 Bh3 34. g3 Bxf1 35. Nxd4 exd4 36. Kxf1 Rc8 37. Bg4 Rb8 38. h4 Rb6 39. Kg2 c5 40. Bf5 b3 41. f4 b2 42. Kf3 Rb3+ 43. Kg4 Rh6 44. e5 Bb8 45. d6+ Kd8 46. Bc2 Rb4 47. Kg5 Re6 48. Bf5 Re8 49. h5 c4 50. h6 Rh8 51. h7 Ke8 52. Kf6 Kf8 53. d7 Bc7 54. g4 Bd8# 0-1

[Event "SN-2014-0-00617"]
[Site "LSS email"]
[Date "2014.08.15"]
[Round "?"]
[White "Lauer, Fredric"]
[Black "Garcia, Javier N"]
[Result "1-0"]
[WhiteElo "1004"]
[BlackElo "747"]
[PlyCount "93"]
[EventDate "2014.07.27"]
[EventType "tourn (corr)"]
[EventRounds "6"]
[EventCountry "GER"]
[SourceTitle "Corr 2015"]
[Source "ChessBase"]
[SourceDate "2015.07.17"]
[SourceVersion "1"]
[SourceVersionDate "2015.07.17"]
[SourceQuality "1"]

1. e4 c5 2. Nf3 d6 3. d4 cxd4 4. Qxd4 Nc6 5. Bb5 Qa5+ 6. Nc3 Bd7 7. Bxc6 bxc6 8. Bd2 Qb6 9. 0-0-0 Qxd4 10. Nxd4 e5 11. Nde2 Nf6 12. Bg5 Be7 13. Bxf6 gxf6 14. f3 Rg8 15. Ng3 a5 16. Rhg1 Kf8 17. a3 Kg7 18. b3 Kh8 19. a4 Rab8 20. Nf1 Bh3 21. Ng3 Be6 22. Rge1 Rb4 23. Na2 Rb7 24. Re2 Rgb8 25. Red2 Bxb3 26. cxb3 Rxb3 27. Rc2 d5 28. Kd2 dxe4 29. Nxe4 f5 30. Ng3 f4 31. Ne4 f5 32. Nec3 Rd8+ 33. Ke2 Rxd1 34. Kxd1 Kg7 35. Kc1 Ba3+ 36. Kd1 c5 37. Re2 e4 38. fxe4 fxe4 39. Rxe4 Rb2 40. Re2 Rxe2 41. Kxe2 Kg6 42. Kf3 Kf5 43. Nd5 Ke5 44. Nxf4 c4 45. Ne2 Bb2 46. Ke3 Kd5 47. Nec3+ 1-0

[Event "RN-2014-0-00834"]
[Site "LSS email"]
[Date "2014.08.11"]
[Round "?"]
[White "Bester, Kazimierz"]
[Black "Garcia, Javier N"]
[Result "1-0"]
[WhiteElo "744"]
[BlackElo "749"]
[PlyCount "65"]
[EventDate "2014.08.02"]
[EventType "tourn (corr)"]
[EventRounds "6"]
[EventCountry "GER"]
[SourceTitle "Corr 2015"]
[Source "ChessBase"]
[SourceDate "2015.07.17"]
[SourceVersion "1"]
[SourceVersionDate "2015.07.17"]
[SourceQuality "1"]

1. f4 Nf6 2. Nf3 e6 3. e3 Nc6 4. Be2 Bb4 5. c3 Be7 6. 0-0 0-0 7. d4 Nd5 8. e4 Nf6 9. Nbd2 Ng4 10. Nb3 d6 11. h3 Nf6 12. Nbd2 b6 13. a3 Nh5 14. Nh2 Ng3 15. Rf3 Nxe2+ 16. Qxe2 a5 17. d5 exd5 18. exd5 Ba6 19. Qf2 Nb8 20. f5 Bb7 21. c4 Nd7 22. Ng4 Bh4 23. g3 Bg5 24. Ne4 Bxc1 25. Rxc1 h5 26. Ne3 Ne5 27. f6 Nxf3+ 28. Qxf3 g6 29. Ng2 Qd7 30. Kh2 Rae8 31. Qf4 Bc8 32. Nf2 Re2 33. Qh6 1-0

[Event "SN-2014-0-00612"]
[Site "LSS email"]
[Date "2014.07.26"]
[Round "?"]
[White "Garcia, Javier N"]
[Black "Gorman, Andrew"]
[Result "1-0"]
[WhiteElo "749"]
[BlackElo "844"]
[PlyCount "81"]
[EventDate "2014.07.02"]
[EventType "tourn (corr)"]
[EventRounds "6"]
[EventCountry "GER"]
[SourceTitle "Corr 2015"]
[Source "ChessBase"]
[SourceDate "2015.07.17"]
[SourceVersion "1"]
[SourceVersionDate "2015.07.17"]
[SourceQuality "1"]

1. d4 d5 2. c4 Nc6 3. Nf3 Bg4 4. cxd5 Bxf3 5. dxc6 Bxc6 6. Bf4 Nf6 7. Nc3 Nd5 8. Nxd5 Bxd5 9. Qd3 e6 10. e4 Bc6 11. Be2 Be7 12. 0-0 a6 13. Rac1 Bb5 14. Qd2 h6 15. Bxb5+ axb5 16. Bxc7 Qd7 17. Be5 f6 18. Rc7 Qd8 19. Bg3 0-0 20. Rfc1 Bd6 21. Bxd6 Qxd6 22. a3 e5 23. d5 Rab8 24. Qe2 Rf7 25. Rc8+ Rxc8 26. Rxc8+ Rf8 27. Rxf8+ Kxf8 28. Qxb5 Qa6 29. Qxa6 bxa6 30. Kf1 Ke7 31. b4 Kd6 32. Ke2 g6 33. Kd3 Kc7 34. Kc4 Kb6 35. a4 f5 36. f3 fxe4 37. fxe4 g5 38. a5+ Kc7 39. Kc5 h5 40. d6+ Kd7 41. Kd5 1-0

[Event "LSS No Engine Cup 113 Preliminary 5"]
[Site "LSS email"]
[Date "2014.07.06"]
[Round "?"]
[White "Garcia, Javier N"]
[Black "Heiser, Jerome"]
[Result "1/2-1/2"]
[WhiteElo "749"]
[BlackElo "595"]
[PlyCount "93"]
[EventDate "2014.07.07"]
[EventType "tourn (corr)"]
[EventRounds "6"]
[EventCountry "GER"]
[SourceTitle "Corr 2015"]
[Source "ChessBase"]
[SourceDate "2015.07.17"]
[SourceVersion "1"]
[SourceVersionDate "2015.07.17"]
[SourceQuality "1"]

1. d4 d5 2. c4 dxc4 3. Nf3 Nf6 4. Nc3 Bg4 5. Bg5 Bxf3 6. exf3 e5 7. dxe5 Qxd1+ 8. Rxd1 Nfd7 9. e6 fxe6 10. Bxc4 h6 11. Bf4 e5 12. Bg3 Bd6 13. 0-0 Nc6 14. Rfe1 0-0-0 15. Nd5 Rhe8 16. a3 a6 17. b4 b5 18. Ba2 Nf6 19. Nxf6 gxf6 20. Bh4 Rf8 21. Be6+ Kb8 22. Bd5 Kb7 23. Rc1 a5 24. bxa5 Bxa3 25. Bxc6+ Ka6 26. Rb1 b4 27. Bg3 Rd6 28. Be4 Kxa5 29. Ra1 c5 30. h3 c4 31. f4 Rd2 32. fxe5 fxe5 33. Bf3 c3 34. Rxe5+ Kb6 35. Re6+ Ka5 36. Bc7+ Ka4 37. Ra6+ Kb3 38. Rb1+ Kc4 39. Rc6+ Kb5 40. Rb6+ Kc5 41. Rxh6 c2 42. Rf1 Rf7 43. Rc6+ Kb5 44. Rb6+ Kc5 45. Rc6+ Kb5 46. Rb6+ Kc5 47. Rc6+ 1/2-1/2

[Event "LSS No Engine Cup 113 Preliminary 5"]
[Site "LSS email"]
[Date "2014.07.06"]
[Round "?"]
[White "Pech, Jaroslav Sr"]
[Black "Garcia, Javier N"]
[Result "1-0"]
[WhiteElo "1484"]
[BlackElo "749"]
[PlyCount "23"]
[EventDate "2014.07.07"]
[EventType "tourn (corr)"]
[EventRounds "6"]
[EventCountry "GER"]
[SourceTitle "Corr 2015"]
[Source "ChessBase"]
[SourceDate "2015.07.17"]
[SourceVersion "1"]
[SourceVersionDate "2015.07.17"]
[SourceQuality "1"]

1. d4 Nf6 2. c4 e6 3. Nf3 Bb4+ 4. Bd2 Bxd2+ 5. Qxd2 Ne4 6. Qc2 f5 7. g3 Nc6 8. Bg2 d5 9. Nc3 0-0 10. 0-0 Qf6 11. cxd5 Nxc3 12. dxc6 1-0

[Event "LSS No Engine Cup 112 Preliminary 1"]
[Site "LSS email"]
[Date "2014.06.17"]
[Round "?"]
[White "Garcia, Javier N"]
[Black "Jostov, Keylah"]
[Result "0-1"]
[WhiteElo "749"]
[BlackElo "1195"]
[PlyCount "22"]
[EventDate "2014.06.18"]
[EventType "tourn (corr)"]
[EventRounds "6"]
[EventCountry "GER"]
[SourceTitle "Corr 2015"]
[Source "ChessBase"]
[SourceDate "2015.07.17"]
[SourceVersion "1"]
[SourceVersionDate "2015.07.17"]
[SourceQuality "1"]

1. d4 d5 2. c4 c6 3. Nf3 Nf6 4. Nc3 dxc4 5. e4 b5 6. Bg5 b4 7. Bxf6 bxc3 8. Bxg7 Bxg7 9. bxc3 Qa5 10. Qd2 Ba6 11. Be2 c5 0-1